[Event "ICS rated blitz match"]
[Site "204.178.125.65"]
[Date "1999.08.16"]
[Round "?"]
[White "Masturbed"]
[Black "Hossa"]
[Result "0-1"]
[WhiteElo "2148"]
[BlackElo "2404"]
[PlyCount "62"]
[EventDate "1999.??.??"]

1. e4 e5 2. Nf3 Nc6 3. Bc4 Bc5 4. d3 Nge7 5. O-O f5 6. c3 fxe4 7. dxe4 h6 8. a4
a5 9. Nh4 g6 10. Be3 b6 11. Bxc5 bxc5 12. f4 exf4 13. Rxf4 Ne5 14. Qe2 d6 15.
Nd2 g5 16. Qh5+ Kd7 17. Rf6 N7c6 18. Be6+ Ke7 19. Nf5+ Kxf6 20. Ba2 Bxf5 21.
exf5 d5 22. Rf1 Rb8 23. Nf3 Rxb2 24. Nxe5 Nxe5 25. Bb1 c6 26. g4 Qb6 27. Qh3
Rxb1 28. Rxb1 Qxb1+ 29. Kf2 Nd3+ 30. Ke3 Re8+ 31. Kf3 31... Qh1+ {
Masturbed resigns} 0-1

[Event "ICS rated blitz match"]
[Site "204.178.125.65"]
[Date "1999.08.16"]
[Round "?"]
[White "Hossa"]
[Black "Slivovitz"]
[Result "1-0"]
[WhiteElo "2410"]
[BlackElo "2158"]
[PlyCount "80"]
[EventDate "1999.??.??"]

1. e4 e5 2. Nf3 Nc6 3. d4 exd4 4. Nxd4 Nf6 5. Nxc6 bxc6 6. Bd3 d5 7. Bg5 Be7 8.
f3 O-O 9. O-O h6 10. Be3 dxe4 11. fxe4 Ng4 12. Qd2 Nxe3 13. Qxe3 Bg5 14. Qc5
Qd6 15. Qc4 a5 16. Nc3 Ba6 17. Qa4 Bxd3 18. cxd3 Qxd3 19. Qxc6 Qe3+ 20. Kh1 Qb6
21. Qxb6 cxb6 22. Nd5 Rfe8 23. Nc7 Rad8 24. Nxe8 Rxe8 25. Rae1 Bf6 26. Re2 Bd4
27. Rd1 Bc5 28. h4 Kh7 29. g4 Kg6 30. Rd5 f6 31. Kg2 Rc8 32. h5+ Kf7 33. Rd7+
Kg8 34. e5 fxe5 35. Rxe5 Rf8 36. Rf5 Rxf5 37. gxf5 Kf8 38. Kf3 Be7 39. Ke4 Bc5
40. Ke5 40... Ke8 {Slivovitz resigns} 1-0

[Event "ICS rated blitz match"]
[Site "204.178.125.65"]
[Date "1999.08.16"]
[Round "?"]
[White "brutus"]
[Black "Hossa"]
[Result "0-1"]
[WhiteElo "2108"]
[BlackElo "2416"]
[PlyCount "114"]
[EventDate "1999.??.??"]

1. e4 e5 2. Nf3 Nc6 3. Bb5 a6 4. Ba4 b5 5. Bb3 Bc5 6. c3 f5 7. d4 exd4 8. Nxd4
Qh4 9. O-O Bxd4 10. cxd4 fxe4 11. Nc3 Nf6 12. g3 Qh3 13. f3 exf3 14. Re1+ Kd8
15. Qxf3 Bb7 16. Bg5 Kc8 17. Bxf6 Nxd4 18. Qxb7+ Kxb7 19. Bxd4 Qh6 20. Be3 Qg6
21. Bd5+ c6 22. Be4 Qh5 23. Bg2 Rhf8 24. Ne4 d5 25. Nc5+ Kc8 26. Bf4 g5 27. Be3
h6 28. Rac1 Rd8 29. b4 Qg4 30. Bf2 Kb8 31. a4 Qxb4 32. axb5 axb5 33. Bh3 g4 34.
Bg2 Qb2 35. Ne6 Ra2 36. Rf1 Rd6 37. Nc5 h5 38. Nd3 Qd2 39. Nf4 Rh6 40. Rcd1 Qc3
41. Rc1 Qe5 42. Rce1 Qd6 43. Re8+ Kb7 44. Rfe1 Rh7 45. Nd3 Qf6 46. Bc5 Rxg2+
47. Kxg2 Rc7 48. R1e7 Qf3+ 49. Kg1 Qxd3 50. Rxc7+ Kxc7 51. Re7+ Kd8 52. Bb6+
Kxe7 53. Bf2 Qd1+ 54. Kg2 d4 55. Be1 Qxe1 56. h4 gxh3+ 57. Kxh3 57... Qh1# {
brutus checkmated} 0-1

[Event "ICS rated blitz match"]
[Site "204.178.125.65"]
[Date "1999.08.16"]
[Round "?"]
[White "Hossa"]
[Black "brutus"]
[Result "1-0"]
[WhiteElo "2421"]
[BlackElo "2103"]
[PlyCount "65"]
[EventDate "1999.??.??"]

1. d4 Nf6 2. c4 g6 3. Nc3 d5 4. cxd5 Nxd5 5. e4 Nxc3 6. bxc3 Bg7 7. Bb5+ c6 8.
Be2 O-O 9. Bg5 b5 10. Nf3 Bb7 11. O-O a6 12. Qc2 Nd7 13. Rad1 Re8 14. Rfe1 Qa5
15. Rb1 c5 16. Bd2 c4 17. Bxc4 Rac8 18. Bf1 Qc7 19. a4 bxa4 20. Qxa4 Ra8 21.
Ng5 e6 22. Qc4 Qxc4 23. Bxc4 Bc6 24. f4 a5 25. f5 exf5 26. Bxf7+ Kf8 27. Bxe8
Rxe8 28. exf5 gxf5 29. Nxh7+ Kf7 30. Ng5+ Kf8 31. Rxe8+ Kxe8 32. Re1+ Kd8 33.
Ne6+ {brutus resigns} 1-0

[Event "ICS rated blitz match"]
[Site "204.178.125.65"]
[Date "1999.08.16"]
[Round "?"]
[White "brutus"]
[Black "Hossa"]
[Result "0-1"]
[WhiteElo "2099"]
[BlackElo "2425"]
[PlyCount "52"]
[EventDate "1999.??.??"]

1. e4 e5 2. Nf3 Nc6 3. Bb5 a6 4. Ba4 b5 5. Bb3 Bc5 6. c3 f5 7. d4 exd4 8. cxd4
Bb4+ 9. Nc3 fxe4 10. Ng5 d5 11. O-O Nf6 12. f3 h6 13. Ngxe4 dxe4 14. d5 Bxc3
15. bxc3 Na5 16. fxe4 Nxb3 17. axb3 c6 18. c4 bxc4 19. bxc4 Qb6+ 20. Kh1 O-O
21. e5 Ng4 22. Rxf8+ Kxf8 23. Qf3+ Kg8 24. h3 Qd4 25. Ra2 Qxc4 26. e6 26...
Qxc1+ {brutus resigns} 0-1

[Event "ICS rated blitz match"]
[Site "204.178.125.65"]
[Date "1999.08.16"]
[Round "?"]
[White "NoRegrets"]
[Black "Hossa"]
[Result "0-1"]
[WhiteElo "2070"]
[BlackElo "2433"]
[PlyCount "94"]
[EventDate "1999.??.??"]

1. d4 Nf6 2. c4 c5 3. d5 e6 4. Nc3 exd5 5. cxd5 d6 6. e4 Bd7 7. Nf3 Be7 8. Bd3
O-O 9. O-O Ng4 10. h3 Nf6 11. Qc2 Qc8 12. Bg5 Bxh3 13. gxh3 Qxh3 14. Bxf6 Qg4+
15. Kh2 Bxf6 16. Qe2 Nd7 17. Rg1 Be5+ 18. Nxe5 Qh4+ 19. Kg2 Nxe5 20. Rh1 Qf4
21. Rh3 f5 22. exf5 Qg5+ 23. Rg3 Qd8 24. Rh1 Nxd3 25. Qxd3 Qf6 26. Ne2 Rae8 27.
Nf4 Rf7 28. Ne6 Ree7 29. Qf3 Qe5 30. Rh5 Rf6 31. Rhg5 g6 32. Qd3 Qxb2 33. Nf4
Qxa2 34. fxg6 h6 35. R5g4 h5 36. Rg5 Rxf4 37. Rf3 c4 38. Qc3 Rxf3 39. Qxf3 h4
40. Rh5 Qb2 41. Rh7 Rxh7 42. gxh7+ Kh8 43. Qf8+ Kxh7 44. Qf7+ Qg7+ 45. Qxg7+
Kxg7 46. Kh3 b5 47. Kxh4 47... a5 {NoRegrets resigns} 0-1

[Event "ICS rated blitz match"]
[Site "204.178.125.65"]
[Date "1999.08.16"]
[Round "?"]
[White "Nothing"]
[Black "Hossa"]
[Result "0-1"]
[WhiteElo "2024"]
[BlackElo "2435"]
[PlyCount "120"]
[EventDate "1999.??.??"]

1. Nf3 Nf6 2. d3 d5 3. Nbd2 Nc6 4. e4 e5 5. Be2 Bc5 6. c3 dxe4 7. Nxe4 Nxe4 8.
dxe4 Qxd1+ 9. Bxd1 Bd7 10. O-O f6 11. Be2 O-O-O 12. b4 Bd6 13. a4 Kb8 14. a5 g5
15. Be3 h5 16. b5 Ne7 17. Rfb1 g4 18. Nh4 Be6 19. b6 cxb6 20. axb6 a6 21. c4
Rc8 22. Ra4 Bc5 23. Bxc5 Rxc5 24. g3 Rhc8 25. Rc1 R8c6 26. Rb4 Nc8 27. Ng6 a5
28. Rbb1 Bxc4 29. Bxc4 Rxc4 30. Rxc4 Rxc4 31. Nf8 Rd4 32. Ne6 Rd6 33. Ng7 Rxb6
34. Ra1 Nd6 35. Nxh5 Nxe4 36. Rxa5 Rb1+ 37. Kg2 Rb2 38. Ra4 Nxf2 39. Kf1 b5 40.
Ra6 Ne4 41. Nxf6 Rf2+ 42. Ke1 Rxf6 43. Ra5 Nd6 44. Ke2 Rh6 45. Ke3 Nc4+ 46. Ke4
Nxa5 47. Kxe5 Rxh2 48. Kf5 Rg2 49. Kxg4 Rxg3+ 50. Kxg3 b4 51. Kf3 b3 52. Ke3 b2
53. Ke4 b1=Q+ 54. Ke5 Nb3 55. Kf4 Nc5 56. Ke5 Qe4+ 57. Kd6 Qf5 58. Kc6 Nb7 59.
Kb6 Kc8 60. Kc6 60... Qc5# {Nothing checkmated} 0-1

[Event "ICS Rated blitz match"]
[Site "204.178.125.65"]
[Date "1999.08.16"]
[Round "?"]
[White "Hossa"]
[Black "PostModernist"]
[Result "0-1"]
[WhiteElo "2438"]
[BlackElo "2517"]
[PlyCount "52"]
[EventDate "1999.??.??"]

1. d4 Nf6 2. c4 c5 3. d5 g6 4. Nc3 d6 5. e4 Bg7 6. f3 O-O 7. Bg5 e6 8. Qd2 exd5
9. Nxd5 Be6 10. Nxf6+ Bxf6 11. Bxf6 Qxf6 12. O-O-O Rd8 13. Kb1 Nc6 14. Bd3 a6
15. a3 b5 16. cxb5 axb5 17. Bxb5 Nd4 18. Qc3 Rdb8 19. a4 Qg5 20. Qd2 Qe7 21.
Ne2 Nxb5 22. axb5 Rxb5 23. Qxd6 Ra1+ 24. Kc2 Qxd6 25. Rxd6 Rxh1 26. Rd8+ 26...
Kg7 {Hossa resigns} 0-1

[Event "ICS Rated blitz match"]
[Site "204.178.125.65"]
[Date "1999.08.16"]
[Round "?"]
[White "Dejan"]
[Black "Hossa"]
[Result "1-0"]
[WhiteElo "2201"]
[BlackElo "2426"]
[PlyCount "55"]
[EventDate "1999.??.??"]

1. d4 Nf6 2. Nf3 e6 3. Bf4 Be7 4. e3 Nh5 5. Bg3 Nxg3 6. hxg3 c5 7. c3 d5 8. Bd3
h6 9. Nbd2 O-O 10. Qe2 Nc6 11. O-O-O cxd4 12. exd4 Bd7 13. Kb1 Qb6 14. Nf1 Rac8
15. Ne3 a6 16. Ng4 Na7 17. Ka1 Ba4 18. Rc1 Nb5 19. Nfe5 Rfd8 20. Nxh6+ gxh6 21.
Rxh6 Bf6 22. Rxf6 Rc7 23. Qh5 Nd6 24. Qh6 Nf5 25. Bxf5 Rcd7 26. Rh1 Qxb2+ 27.
Kxb2 exf5 28. Qh8# {Hossa checkmated} 1-0

[Event "ICS Rated blitz match"]
[Site "204.178.125.65"]
[Date "1999.08.16"]
[Round "?"]
[White "Nothing"]
[Black "Hossa"]
[Result "0-1"]
[WhiteElo "2016"]
[BlackElo "2422"]
[PlyCount "88"]
[EventDate "1999.??.??"]

1. e4 e5 2. Nf3 Nc6 3. d3 d5 4. Nbd2 Bc5 5. c3 Nf6 6. b4 dxe4 7. dxe4 Bd6 8.
Bc4 O-O 9. Qb3 Bg4 10. h3 Bxf3 11. gxf3 Qe7 12. Nf1 a5 13. b5 a4 14. Qc2 Na5
15. Be2 Qe6 16. c4 Bb4+ 17. Bd2 Bxd2+ 18. Nxd2 Rfd8 19. Rc1 b6 20. Nf1 c6 21.
Qxa4 Nb7 22. Qc2 cxb5 23. Ne3 Rac8 24. Qb2 Nd6 25. cxb5 Rxc1+ 26. Qxc1 Qxa2 27.
Nc4 Nxc4 28. Bxc4 Rc8 29. Bxf7+ Kxf7 30. Qxc8 Qb1+ 31. Ke2 Qxh1 32. Qc7+ Kg6
33. Qxb6 Qxh3 34. Qd6 Qc8 35. Qxe5 Qc2+ 36. Ke3 Qc1+ 37. Ke2 Nh5 38. Qe6+ Kg5
39. Qe5+ Kh6 40. Qd6+ g6 41. Qd2+ Nf4+ 42. Ke3 Qc5+ 43. Qd4 Ng2+ 44. Kd3 44...
Ne1+ {Nothing resigns} 0-1

[Event "ICS Rated blitz match"]
[Site "204.178.125.65"]
[Date "1999.08.16"]
[Round "?"]
[White "Hossa"]
[Black "JudgeTurpin"]
[Result "0-1"]
[WhiteElo "2425"]
[BlackElo "2670"]
[PlyCount "102"]
[EventDate "1999.??.??"]

1. d4 d5 2. Nc3 Nf6 3. Bg5 Bf5 4. f3 Nbd7 5. Nxd5 Nxd5 6. e4 h6 7. Bc1 e5 8.
exf5 Qh4+ 9. g3 Qxd4 10. Qxd4 exd4 11. Bc4 N5b6 12. Be2 O-O-O 13. Bd2 Bc5 14.
O-O-O Rhe8 15. f4 Nf6 16. Bf1 Ng4 17. Nh3 Nd5 18. Bb5 Re7 19. c3 Nge3 20. Bxe3
Nxe3 21. f6 gxf6 22. Rd2 Rd5 23. b4 Bb6 24. c4 Rf5 25. Re2 c6 26. Ba4 d3 27.
Rd2 Nxc4 28. Rxd3 a5 29. bxa5 Be3+ 30. Kc2 Rh5 31. Kc3 Nxa5 32. Bd1 Rc5+ 33.
Kb2 Re4 34. Bg4+ f5 35. Bd1 Nc4+ 36. Ka1 Rd4 37. Rb3 Rd2 38. Rxe3 Nxe3 39. Bb3
Rc3 40. Bxf7 Nd1 41. Rxd1 Rxd1+ 42. Kb2 Re3 43. Kc2 Rh1 44. Kd2 Ra3 45. Ke2
Rxh2+ 46. Nf2 Rxg3 47. Be6+ Kc7 48. Bxf5 Rgg2 49. Ke3 Rxf2 50. a3 Rf1 51. Bg6
51... Rh3+ {Hossa resigns} 0-1

[Event "ICS Rated blitz match"]
[Site "204.178.125.65"]
[Date "1999.08.16"]
[Round "?"]
[White "JudgeTurpin"]
[Black "Hossa"]
[Result "1-0"]
[WhiteElo "2676"]
[BlackElo "2419"]
[PlyCount "117"]
[EventDate "1999.??.??"]

1. c4 Nf6 2. Nc3 e5 3. Nf3 Nc6 4. g3 Bb4 5. Nd5 e4 6. Nh4 Nxd5 7. cxd5 Nd4 8.
e3 g5 9. exd4 gxh4 10. Qg4 Qe7 11. a3 Ba5 12. b4 Bb6 13. Bb2 f5 14. Qxf5 Rf8
15. Qh5+ Rf7 16. d6 Qf6 17. f4 Bxd4 18. Bc4 Bxb2 19. Rb1 Bd4 20. dxc7 Bf2+ 21.
Ke2 Bd4 22. d3 exd3+ 23. Kxd3 d5 24. Bxd5 Bf5+ 25. Kc4 Bxb1 26. Rxb1 Bf2 27.
Bxb7 Qd4+ 28. Kb3 Qd3+ 29. Ka2 Qc2+ 30. Rb2 Qc4+ 31. Rb3 Qc2+ 32. Rb2 Qc4+ 33.
Kb1 Qf1+ 34. Kc2 Qc4+ 35. Kd1 Qd3+ 36. Rd2 Qb3+ 37. Kc1 Qc3+ 38. Kd1 Qa1+ 39.
Ke2 Qe1+ 40. Kd3 Kf8 41. Qh6+ Kg8 42. Qg5+ Kh8 43. Qd8+ Rxd8+ 44. cxd8=Q+ Kg7
45. Kc2 Bb6 46. Qg5+ Kh8 47. Bd5 Rc7+ 48. Kb3 Qe3+ 49. Ka4 Qe8+ 50. b5 hxg3 51.
Qf6+ Rg7 52. Re2 Qc8 53. Re7 Bd4 54. Qxd4 Qf8 55. Qe5 h6 56. Re8 g2 57. Rxf8+
Kh7 58. Be4+ Rg6 59. Qe7# {Hossa checkmated} 1-0

[Event "ICS Rated blitz match"]
[Site "204.178.125.65"]
[Date "1999.08.16"]
[Round "?"]
[White "Hossa"]
[Black "JudgeTurpin"]
[Result "0-1"]
[WhiteElo "2413"]
[BlackElo "2682"]
[PlyCount "144"]
[EventDate "1999.??.??"]

1. e4 e5 2. Nf3 Nc6 3. d4 exd4 4. Nxd4 Nf6 5. Nxc6 bxc6 6. Bd3 d5 7. Bg5 h6 8.
Bxf6 Qxf6 9. c3 Rb8 10. Qe2 Be7 11. O-O O-O 12. Qc2 Bc5 13. exd5 cxd5 14. Nd2
Re8 15. Nb3 Bb6 16. Rfe1 Be6 17. Rad1 Bg4 18. Rc1 Rbd8 19. c4 Rxe1+ 20. Rxe1
dxc4 21. Bxc4 Be6 22. Bxe6 fxe6 23. a4 Rb8 24. Re2 Qf5 25. Qc4 Qb1+ 26. Nc1 Rd8
27. Rxe6 Kh8 28. Re1 Qxb2 29. Ne2 Re8 30. Kf1 Re7 31. Qd3 Qf6 32. Qd8+ Kh7 33.
Qd3+ g6 34. f4 Qe6 35. Rd1 Qa2 36. Qb5 a5 37. f5 Rf7 38. g4 gxf5 39. Qd3 Qxa4
40. gxf5 Qg4 41. Ng3 Qh3+ 42. Ke1 Re7+ 43. Ne2 Qh4+ 44. Qg3 Qh5 45. Qd3 Re5 46.
f6+ Qf5 47. Qg3 Qxf6 48. Rd7+ Re7 49. Qd3+ Kh8 50. Rd8+ Kg7 51. Qg3+ Qg5 52.
Qxg5+ hxg5 53. Kd1 Kg6 54. Nc3 Rh7 55. Rd2 Rh4 56. Nd5 Rd4 57. Rxd4 Bxd4 58.
Nxc7 Be5 59. Nd5 Bxh2 60. Kc2 g4 61. Kb3 Kf5 62. Ne3+ Kf4 63. Nc2 Kf3 64. Nd4+
Kf2 65. Ne6 g3 66. Ka4 g2 67. Nc5 g1=Q 68. Ne4+ Ke2 69. Nc3+ Kd3 70. Ne2 Qc5
71. Kb3 Qc2+ 72. Ka3 72... Bd6# {Hossa checkmated} 0-1

[Event "ICS Rated blitz match"]
[Site "204.178.125.65"]
[Date "1999.08.16"]
[Round "?"]
[White "JudgeTurpin"]
[Black "Hossa"]
[Result "1/2-1/2"]
[WhiteElo "2688"]
[BlackElo "2407"]
[Annotator "Fritz 5.32 (15s)"]
[PlyCount "32"]
[EventDate "1999.??.??"]

1. Nf3 1... g6 {Opening = A07 - 2.g3} 2. g3 d5 3. Bg2 Bg7 4. O-O e5 5. d3 Ne7
6. Nbd2 O-O 7. e4 Nbc6 8. c3 a5 9. a4 h6 10. exd5 Nxd5 11. Nc4 Bf5 12. Re1 {
Alles auf e5!} 12... Re8 13. Nh4 Be6 14. Nf3 (14. Bd2 Qd7 15. Qb3 Nde7 16. Bf1
Rad8 17. Rad1 b6 18. Bc1 g5 19. Ng2 Bg4 20. Be2 Bxe2 21. Rxe2 Nf5 22. Ree1 Nfd4
23. cxd4 Nxd4 24. Qa2 Nf3+ 25. Kf1 Nxh2+ 26. Kg1 Nf3+ 27. Kf1 Qh3 28. Nce3 Nd4
29. Kg1 Re6 30. b3 Red6 31. Bb2 Nf3+ 32. Kf1 e4 33. dxe4 Rd2 34. Rxd2 34...
Rxd2 {0-1 Frias,V-Baburin,A/San Francisco 1997/EXT 99 (34)}) 14... Bf5 15. Nh4
Be6 16. Nf3 16... Bf5 $146 (16... Bg4 17. h3 Bf5 18. Nh4 Be6 19. Nf3 Bf5 20.
Nh4 Be6 21. Nf3 f6 22. Kh2 Qd7 23. Nfd2 Rad8 24. Qe2 Bf7 25. Ne4 f5 26. Nc5 Qc8
27. Bd2 b6 28. Nb3 Qd7 29. Nc1 Nf6 30. Ne3 Nd4 31. Qd1 {
Leonardo,J-Santos,A/Lisboa 1992/EXT 97/0-1 (58)}) (16... f6 17. Ne3 Nb6 18. Nh4
Kh7 19. f4 exf4 20. gxf4 f5 21. Nf3 Ne7 22. Nf1 Ned5 23. Be3 Qd6 24. Ne5 c5 25.
Qf3 Rad8 26. Nc4 Qc7 27. Ne5 Bg8 28. Nc4 Nxe3 29. Ncxe3 Rxd3 30. Qxb7 Qxb7 31.
Bxb7 {Kempys,M-Shmuter,L/Miedzybrodzie 1991/TD/0-1 (66)}) 1/2-1/2

[Event "ICS Rated blitz match"]
[Site "204.178.125.65"]
[Date "1999.08.16"]
[Round "?"]
[White "Hossa"]
[Black "JudgeTurpin"]
[Result "1/2-1/2"]
[WhiteElo "2418"]
[BlackElo "2677"]
[PlyCount "133"]
[EventDate "1999.??.??"]

1. d4 d5 2. c4 e5 3. dxe5 d4 4. Nf3 Nc6 5. Bf4 Bb4+ 6. Nbd2 Be6 7. e3 dxe3 8.
Bxe3 Bg4 9. Be2 Bxf3 10. Bxf3 Nxe5 11. Bxb7 Rb8 12. Qa4+ Qd7 13. Qxd7+ Kxd7 14.
Ba6 Bc5 15. Rd1 Bxe3 16. Nb3+ Ke8 17. fxe3 Rb6 18. Rd5 Ng4 19. Bb5+ c6 20. Rg5
f5 21. Ba4 Ne7 22. e4 Rb4 23. exf5 Rxc4 24. f6 Nxf6 25. Ra5 Nfd5 26. Nd2 Rc1+
27. Bd1 Kd8 28. Rxa7 Ne3 29. Ke2 Re8 30. Ra4 Nc8 31. Re4 Nxg2 32. Rxe8+ Kxe8
33. Kf3 Nh4+ 34. Kg3 Nf5+ 35. Kf4 g6 36. Ba4 Rc5 37. Ne4 Rc4 38. b3 Rc2 39.
Nf6+ Ke7 40. Nxh7 Nb6 41. a3 Nxa4 42. bxa4 Rc4+ 43. Kg5 Rxa4 44. h4 Kf7 45. h5
Ra5 46. hxg6+ Kg7 47. Kf4 Ne7 48. Rh3 Nxg6+ 49. Ke4 Ra4+ 50. Kf5 Nh4+ 51. Kg5
Ng2 52. Kf5 Nf4 53. Rh4 Rxa3 54. Kxf4 Ra4+ 55. Kg3 Rxh4 56. Kxh4 Kg6 57. Ng5
Kf5 58. Nf3 Ke4 59. Kg4 c5 60. Kg3 Kf5 61. Kf2 Kf4 62. Ke2 Kf5 63. Ke3 Kg4 64.
Ke4 Kg3 65. Ne5 Kf2 66. Nd3+ Kf1 67. Nxc5 {
Game drawn because neither player has mating material} 1/2-1/2

[Event "ICS rated blitz match"]
[Site "204.178.125.65"]
[Date "1999.08.16"]
[Round "?"]
[White "JudgeTurpin"]
[Black "Hossa"]
[Result "1-0"]
[WhiteElo "2667"]
[BlackElo "2428"]
[PlyCount "134"]
[EventDate "1999.??.??"]

1. Nf3 Nf6 2. c4 e6 3. d4 d5 4. Nc3 dxc4 5. e4 Bb4 6. Bg5 c5 7. Bxc4 cxd4 8.
Nxd4 Bxc3+ 9. bxc3 Qa5 10. Bb5+ Bd7 11. Bxf6 gxf6 12. Qb3 e5 13. Bxd7+ Nxd7 14.
Nf5 O-O 15. Qb4 Qxb4 16. cxb4 a5 17. O-O-O Nb6 18. b5 Rfc8+ 19. Kb1 Rc5 20. Nd6
Na4 21. Rd3 Rd8 22. Rg3+ Kf8 23. Nxb7 Rxb5+ 24. Rb3 Nc3+ 25. Kc2 Rd7 26. Kxc3
Rc7+ 27. Kb2 Rcxb7 28. Rxb5 Rxb5+ 29. Kc3 Rc5+ 30. Kd3 Ke7 31. Rb1 Rc8 32. Rb7+
Kf8 33. Ra7 Rc5 34. Ra8+ Kg7 35. a4 h5 36. g3 Kg6 37. Rg8+ Kh7 38. Rb8 Rc6 39.
Rb5 Ra6 40. Ke3 Kh6 41. Rd5 Ra8 42. f4 Ra7 43. fxe5 fxe5 44. Rxe5 Ra8 45. Rd5
Ra6 46. Kf4 Rf6+ 47. Rf5 Kg6 48. Rxf6+ Kxf6 49. h4 Kg6 50. e5 f5 51. e6 Kf6 52.
e7 Kxe7 53. Kxf5 Kf7 54. Kg5 Kg7 55. Kxh5 Kf6 56. g4 Kf7 57. g5 Kg7 58. g6 Kf6
59. Kh6 Ke7 60. g7 Kf7 61. Kh7 Kf6 62. g8=Q Kf5 63. Qd5+ Kf4 64. Kg6 Ke3 65.
Kg5 Kf2 66. Qd2+ Kg1 67. Kf4 67... Kh1 {Hossa resigns} 1-0

[Event "ICS Rated blitz match"]
[Site "204.178.125.65"]
[Date "1999.08.16"]
[Round "?"]
[White "Hossa"]
[Black "JudgeTurpin"]
[Result "1/2-1/2"]
[WhiteElo "2422"]
[BlackElo "2673"]
[PlyCount "111"]
[EventDate "1999.??.??"]

1. d4 d5 2. c4 dxc4 3. e4 e5 4. Nf3 Bb4+ 5. Bd2 Bxd2+ 6. Nbxd2 exd4 7. Bxc4 Nh6
8. O-O O-O 9. Nb3 Qe7 10. Qc2 Ng4 11. Nfxd4 Qd6 12. Nf3 Nc6 13. Rfd1 Qf4 14.
Nbd4 Nce5 15. Bb3 c5 16. Qxc5 b6 17. Qa3 Be6 18. Bd5 Bxd5 19. exd5 Rad8 20. h3
Nxf3+ 21. Nxf3 Ne5 22. Nxe5 Qxe5 23. Qxa7 Qxb2 24. Rab1 Qe5 25. Qb7 Qe4 26.
Rxb6 Qe2 27. Rbb1 Qxa2 28. Qb5 Rd6 29. Rb2 Qa8 30. Rb4 Re8 31. Rbb1 Qd8 32. Re1
Rf8 33. Rbd1 Qg5 34. Re8 g6 35. Rxf8+ Kxf8 36. Qb4 Qe5 37. f4 Qe3+ 38. Kh2 Qb6
39. Qxb6 Rxb6 40. Rd3 Ke7 41. Ra3 Rb5 42. Ra7+ Ke8 43. d6 Rd5 44. g4 Rxd6 45.
g5 Rd3 46. Kg2 Kf8 47. h4 Kg7 48. Re7 Rd2+ 49. Kf3 Rd1 50. Ra7 Rf1+ 51. Kg4
Rg1+ 52. Kh3 Rh1+ 53. Kg3 Rg1+ 54. Kh3 Rh1+ 55. Kg3 Rg1+ 56. Kh3 {
Game drawn by repetition} 1/2-1/2

[Event "ICS Rated blitz match"]
[Site "204.178.125.65"]
[Date "1999.08.16"]
[Round "?"]
[White "JudgeTurpin"]
[Black "Hossa"]
[Result "1-0"]
[WhiteElo "2663"]
[BlackElo "2432"]
[PlyCount "74"]
[EventDate "1999.??.??"]

1. g3 Nf6 2. Bg2 e5 3. c4 d5 4. cxd5 Nxd5 5. Nf3 Nc6 6. O-O Bg4 7. Nc3 Nxc3 8.
dxc3 Qxd1 9. Rxd1 Bd6 10. Be3 f6 11. h3 Bh5 12. g4 Bf7 13. Nh4 O-O 14. b4 Bc4
15. Nf5 Rfd8 16. Rd2 a5 17. bxa5 Nxa5 18. Rad1 Nc6 19. Rb1 Bf8 20. Rxb7 Rxd2
21. Bxd2 Rxa2 22. Be3 g6 23. Rxc7 gxf5 24. Rxc6 Bb3 25. gxf5 Rc2 26. Rxf6 Rxe2
27. Rb6 Bc4 28. Bf3 Rc2 29. Rb8 Kf7 30. Bh5+ Kg7 31. f6+ Kxf6 32. Rxf8+ Ke7 33.
Bc5+ Kd7 34. Bb4 Bd5 35. Re8 e4 36. Re7+ Kc6 37. Rxh7 37... Kb5 {Hossa resigns}
1-0

[Event "ICS Rated blitz match"]
[Site "204.178.125.65"]
[Date "1999.08.16"]
[Round "?"]
[White "StrongBach"]
[Black "Hossa"]
[Result "0-1"]
[WhiteElo "1887"]
[BlackElo "2425"]
[PlyCount "62"]
[EventDate "1999.??.??"]

1. Nf3 Nf6 2. d4 e6 3. Bf4 Bb4+ 4. c3 Be7 5. a4 Nh5 6. Bd2 d5 7. Qb3 c5 8. Qb5+
Nd7 9. g4 Nhf6 10. g5 Ne4 11. Be3 c4 12. Bg2 a6 13. Qb4 Bxb4 14. cxb4 Qe7 15.
O-O Qxb4 16. Bc1 f6 17. Bh3 fxg5 18. Bxe6 Ndf6 19. Bxc8 Rxc8 20. Ne5 g4 21. Ra2
Qb6 22. e3 Qb3 23. Ra3 Qc2 24. Ra1 Nxf2 25. Nc3 Nh3+ 26. Kh1 Ne4 27. Nxd5 g3
28. Bd2 Qxd2 29. Rf2 Qxf2 30. Nc7+ Rxc7 31. hxg3 31... Nxg3# {
StrongBach checkmated} 0-1

[Event "ICS rated bullet match"]
[Site "204.178.125.65"]
[Date "1999.08.16"]
[Round "?"]
[White "JSBach"]
[Black "Hossa"]
[Result "0-1"]
[WhiteElo "2112"]
[BlackElo "2318"]
[PlyCount "104"]
[EventDate "1999.??.??"]

1. d4 d5 2. Bf4 Bf5 3. Nf3 e6 4. Nbd2 Bd6 5. Be5 Bxe5 6. Nxe5 f6 7. g4 fxe5 8.
gxf5 exf5 9. dxe5 Qe7 10. e6 Qxe6 11. Rg1 Qe5 12. Qc1 Nc6 13. Nf3 Qf6 14. Qe3+
Nge7 15. O-O-O O-O-O 16. Bg2 Rhe8 17. Rd2 Qd6 18. Qc3 g6 19. Rgd1 Qb4 20. Qe3
Kb8 21. Ng5 Qg4 22. Bf3 Qc4 23. b3 Qb4 24. Nxh7 Qh4 25. Ng5 Nc8 26. Ne6 Qf6 27.
Rxd5 Rxe6 28. Qd3 Nb4 29. Rxd8 Nxd3+ 30. R1xd3 Qh4 31. e4 fxe4 32. Rxc8+ Kxc8
33. Re3 Qxf2 34. Rxe4 Rxe4 35. Bxe4 Qf4+ 36. Kd1 Qxe4 37. b4 Qxb4 38. h3 Qb1+
39. Kd2 Qxa2 40. Kc3 Qa3+ 41. Kd4 a5 42. c4 Qxh3 43. Ke4 Qc3 44. c5 Qxc5 45.
Kd3 Kd7 46. Kd2 a4 47. Kd3 a3 48. Kd2 Qf2+ 49. Kd3 a2 50. Kc3 a1=Q+ 51. Kc4
Qad4+ 52. Kb5 52... Qf5# {JSBach checkmated} 0-1

[Event "ICS Rated blitz match"]
[Site "204.178.125.65"]
[Date "1999.08.16"]
[Round "?"]
[White "Hossa"]
[Black "PostModernist"]
[Result "0-1"]
[WhiteElo "2426"]
[BlackElo "2531"]
[PlyCount "143"]
[EventDate "1999.??.??"]

1. d4 Nf6 2. c4 e6 3. Nc3 Be7 4. e4 d6 5. Bd3 e5 6. Nge2 exd4 7. Nxd4 O-O 8.
O-O Bg4 9. f3 Bd7 10. Be3 Na6 11. Nd5 Re8 12. Qe2 Nxd5 13. cxd5 Nc5 14. Bc4 a6
15. b4 Na4 16. Rfc1 a5 17. b5 Bg5 18. Qf2 b6 19. a3 Nc5 20. Rc3 Bxe3 21. Rxe3
Qf6 22. Re2 Qg6 23. Rae1 Re7 24. Qh4 Re5 25. Kh1 Rh5 26. Qf4 Rg5 27. Rc1 Re8
28. Rc3 f5 29. exf5 Rxe2 30. Bxe2 Bxf5 31. Nc6 Kh8 32. Bf1 h6 33. Rc1 Qf7 34.
Bc4 Qf6 35. Qd4 Bh3 36. Rc2 Qg6 37. Qb2 Nd3 38. Ne7 Qh7 39. Qd4 Ne5 40. Bd3
Qxd3 41. Qxd3 Nxd3 42. gxh3 Nf4 43. Rc1 Re5 44. Nc6 Rxd5 45. a4 Rd3 46. h4 Ra3
47. Re1 Rxa4 48. Kg1 Nd5 49. Rc1 Rxh4 50. Kg2 Rc4 51. Rxc4 Ne3+ 52. Kf2 Nxc4
53. Ke2 a4 54. f4 d5 55. Nb4 Nd6 56. Nc2 Nxb5 57. f5 c5 58. Ke3 a3 59. Nxa3
Nxa3 60. Kd2 Nc4+ 61. Kc2 Ne3+ 62. Kd3 d4 63. f6 gxf6 64. h3 b5 65. h4 b4 66.
Kd2 c4 67. Ke1 b3 68. Kf2 b2 69. h5 b1=Q 70. Kf3 c3 71. Kg3 c2 72. Kf3 {
Hossa resigns} 0-1

[Event "ICS Rated blitz match"]
[Site "204.178.125.65"]
[Date "1999.08.16"]
[Round "?"]
[White "PostModernist"]
[Black "Hossa"]
[Result "1-0"]
[WhiteElo "2542"]
[BlackElo "2415"]
[PlyCount "131"]
[EventDate "1999.??.??"]

1. c4 e6 2. Nf3 d5 3. d4 c6 4. Nc3 Bb4 5. e3 Ne7 6. Bd3 c5 7. O-O Nbc6 8. cxd5
exd5 9. dxc5 Bg4 10. Na4 Bxf3 11. Qxf3 Qa5 12. b3 Ne5 13. Qe2 Nxd3 14. Qxd3
Bxc5 15. Nxc5 Qxc5 16. a4 Qa5 17. Ba3 Rc8 18. Rfd1 Rd8 19. Qd4 f6 20. Qg4 g6
21. Qe6 Qc7 22. Qxf6 Rf8 23. Qd4 Nc6 24. Qc3 Rg8 25. Qf6 Qf7 26. Qg5 Rg7 27.
Rdc1 Qf5 28. Qxf5 gxf5 29. Rc5 Kf7 30. Bb2 Rg6 31. Rd1 Ke6 32. g3 Rd6 33. h4
Rg4 34. Kg2 Rd7 35. Bc3 Re4 36. Rd3 d4 37. exd4 Nxd4 38. Bxd4 Rexd4 39. Rxd4
Rxd4 40. Rc7 Rd7 41. Rxd7 Kxd7 42. Kf3 Ke6 43. Kf4 Kf6 44. b4 h6 45. g4 fxg4
46. Kxg4 Kg6 47. h5+ Kf6 48. f3 Ke5 49. f4+ Ke6 50. Kf3 Kf5 51. b5 a6 52. b6 a5
53. Ke3 Ke6 54. Ke4 Kf6 55. f5 Ke7 56. Ke5 Kf7 57. Kd6 Kf6 58. Kc7 Kg7 59. Kxb7
Kf6 60. Kc7 Kg5 61. b7 Kxh5 62. b8=Q Kg4 63. f6 Kf3 64. f7 Ke4 65. f8=Q Ke5 66.
Qb5+ {Hossa resigns} 1-0

[Event "ICS rated blitz match"]
[Site "204.178.125.65"]
[Date "1999.08.16"]
[Round "?"]
[White "Hossa"]
[Black "DrHugoELO"]
[Result "1-0"]
[WhiteElo "2405"]
[BlackElo "2165"]
[PlyCount "57"]
[EventDate "1999.??.??"]

1. d4 c5 2. d5 e6 3. Nc3 Nf6 4. Bg5 h6 5. Bxf6 Qxf6 6. e4 exd5 7. Nxd5 Qd8 8.
Qd2 Nc6 9. Qf4 d6 10. O-O-O Be6 11. Bb5 a6 12. Bd3 b5 13. Nf3 c4 14. Bf1 Ra7
15. Re1 f6 16. Qd2 Kf7 17. Rd1 Be7 18. g3 Rd7 19. Bg2 Ne5 20. Ng1 Bg4 21. f3
Be6 22. f4 Nc6 23. f5 Bxd5 24. Qxd5+ Kf8 25. Qxc6 Rc7 26. Qxa6 Qd7 27. Qa8+ Rc8
28. Qd5 Rc5 29. Qxc5 {DrHugoELO resigns} 1-0